Ukraine UEFA Euro 2024 Squad - Statistics

General Stats
  • This quiz has been taken 506 times
  • The average score is 12 of 27
Answer Stats
# Position Player % Correct
17 DF © Oleksandr Zinchenko
87%
23 GK Andriy Lunin
83%
10 MF Mykhaylo Mudryk
79%
11 MF Artem Dovbyk
77%
7 FW Andriy Yarmolenko
68%
16 DF Vitaliy Mykolenko
65%
12 GK Anatoliy Trubin
61%
9 FW Roman Yaremchuk
55%
13 DF Illya Zabarnyi
50%
6 MF Taras Stepanenko
47%
2 DF Yukhym Konoplya
45%
18 MF Mykola Shaparenko
43%
21 DF Heorhiy Sudakov
40%
1 GK Heorhiy Bushchan
37%
8 MF Ruslan Malinovskyi
37%
Manager Serhiy Rebrov
32%
15 MF Viktor Tsyhankov
30%
22 DF Mykola Matviyenko
29%
5 MF Serhiy Sydorchuk
29%
19 FW Valeriy Bondar
27%
20 FW Oleksandr Zubkov
26%
24 FW Vladyslav Vanat
23%
25 DF Oleksandr Tymchyk
22%
26 DF Oleksandr Svatok
20%
14 MF Volodymyr Brazhko
20%
3 DF Bohdan Mykhaylichenko
17%
4 DF Maksym Taloverov
15%
No matching quizzes found
Score Distribution
Percent of People with Each Score
Percentile by Number Answered
Your Score History
You have not taken this quiz